000 00325pab a2200145 454500
008 180718b1990 xxu||||| |||| 00| 0 eng d
100 _aRao, M. Venugopala
245 _aCaste war out in the open
260 _c1990
300 _a3-4
362 _a29 Sep.
650 _aCaste - India
773 _aMainstream
909 _a5574
999 _c5574
_d5574